[Event "EU-chT 24th"]
[Site "Budva"]
[Date "2023.11.14"]
[Round "4.3"]
[White "Sammalvuo, Tapani"]
[Black "Abdrlauf, Elham"]
[Result "1/2-1/2"]
[WhiteElo "2381"]
[BlackElo "2584"]
[PlyCount "163"]
[EventDate "2023.11.11"]
[EventType "team-swiss"]
[EventRounds "9"]
[EventCountry "MNE"]
[SourceTitle "CB47_2023"]
[SourceDate "2023.11.22"]
[SourceVersion "1"]
[SourceVersionDate "2023.11.22"]
[SourceQuality "1"]
[WhiteTeam "Finland"]
[BlackTeam "Norway"]
[WhiteTeamCountry "FIN"]
[BlackTeamCountry "NOR"]

1. d4 Nf6 2. c4 e6 3. Nf3 d5 4. Nc3 c6 5. Bg5 Nbd7 6. e3 Qa5 7. cxd5 exd5 8. Bd3 Ne4 9. 0-0 Nxg5 10. Nxg5 Nf6 11. f4 Bb4 12. Qc2 h6 13. Nf3 0-0 14. Ne5 c5 15. Rac1 Rd8 16. Qe2 cxd4 17. exd4 Qb6 18. Qe3 Bd7 19. Kh1 a6 20. Rf2 Re8 21. h3 Bxc3 22. bxc3 Bb5 23. Bf5 Qd6 24. g4 Bd7 25. Bb1 Ne4 26. Bxe4 dxe4 27. c4 f6 28. c5 Qd5 29. Nc4 Rad8 30. Nb6 Qf7 31. d5 Bb5 32. Rg2 Rxd5 33. Nxd5 Qxd5 34. Rc3 Rd8 35. Kh2 Bd3 36. Rd2 f5 37. gxf5 Qxf5 38. c6 bxc6 39. Rxc6 Rd7 40. Rc5 Qf6 41. Re5 Rf7 42. Re8+ Kh7 43. Rxe4 Bxe4 44. Qxe4+ g6 45. Rf2 Re7 46. Qd3 Kg7 47. Qc2 a5 48. Kg2 Rf7 49. Kg3 h5 50. Qb2 Rc7 51. Qxf6+ Kxf6 52. Rf3 a4 53. Ra3 Rc4 54. Re3 Rd4 55. Kf3 g5 56. fxg5+ Kxg5 57. Kg3 h4+ 58. Kf3 Rf4+ 59. Kg2 Kf5 60. a3 Re4 61. Rc3 Kf4 62. Kf2 Ke5 63. Kf3 Kd4 64. Rc8 Re3+ 65. Kg4 Rxa3 66. Ra8 Ra1 67. Kxh4 a3 68. Kh5 Kc3 69. h4 Kb2 70. Rb8+ Ka2 71. Kh6 Rb1 72. Ra8 Rb4 73. h5 Kb3 74. Rxa3+ Kxa3 75. Kg7 Rg4+ 76. Kf6 Rh4 77. Kg6 Kb4 78. h6 Kc5 79. h7 Kd6 80. Kg7 Ke7 81. h8Q Rxh8 82. Kxh8 1/2-1/2

[Event "EU-chT 24th"]
[Site "Budva"]
[Date "2023.11.13"]
[Round "3.3"]
[White "Stefansson, Hannes"]
[Black "Abdrlauf, Elham"]
[Result "1-0"]
[WhiteElo "2518"]
[BlackElo "2584"]
[PlyCount "131"]
[EventDate "2023.11.11"]
[EventType "team-swiss"]
[EventRounds "9"]
[EventCountry "MNE"]
[SourceTitle "CB47_2023"]
[SourceDate "2023.11.22"]
[SourceVersion "1"]
[SourceVersionDate "2023.11.22"]
[SourceQuality "1"]
[WhiteTeam "Iceland"]
[BlackTeam "Norway"]
[WhiteTeamCountry "ISL"]
[BlackTeamCountry "NOR"]

1. d4 Nf6 2. c4 e6 3. Nf3 d5 4. Nc3 dxc4 5. e4 b5 6. e5 Nd5 7. Nxb5 Nb6 8. Be3 Nc6 9. Nc3 Be7 10. a3 0-0 11. Qc2 Bb7 12. Ne4 Na5 13. Neg5 g6 14. Ne4 Qd5 15. Nc3 Qd7 16. Be2 Nd5 17. Bh6 Rfd8 18. 0-0 Bc6 19. Nd2 Nb6 20. Rad1 Rab8 21. Be3 Na4 22. Rb1 Nb6 23. Rfd1 Qe8 24. Nde4 Nd5 25. Bh6 Nxc3 26. Nxc3 Rd7 27. Be3 Rbd8 28. Bf3 Bxf3 29. gxf3 Nb3 30. Ne2 c5 31. Qxc4 Nxd4 32. Nxd4 Rd5 33. Kg2 cxd4 34. Rxd4 Rxe5 35. Rxd8 Qxd8 36. Qd4 Rg5+ 37. Kf1 Rd5 38. Qxa7 Bd6 39. Rc1 Kg7 40. Bd4+ e5 41. Be3 Qf6 42. Kg2 Qf5 43. Qa4 Rd4 44. Qc2 Rd3 45. Qc4 Be7 46. Qe4 Rb3 47. Qxf5 gxf5 48. Rc2 Bd8 49. a4 f4 50. Bd2 Bb6 51. a5 Bd4 52. Bc3 Kf6 53. a6 Ba7 54. Ba5 Bd4 55. Rc4 Rb8 56. b4 Ke6 57. Rc7 f5 58. Rb7 Ra8 59. b5 e4 60. Bb6 Rg8+ 61. Kf1 Be5 62. Bc7 Bd4 63. fxe4 f3 64. exf5+ Kxf5 65. a7 Re8 66. Rb8 1-0

[Event "FIDE Grand Swiss"]
[Site "Douglas"]
[Date "2023.10.30"]
[Round "6"]
[White "Svane, Rasmus"]
[Black "Abdrlauf, Elham"]
[Result "1-0"]
[WhiteElo "2646"]
[BlackElo "2568"]
[PlyCount "89"]
[EventDate "2023.10.25"]
[EventType "swiss"]
[EventRounds "11"]
[EventCountry "IOM"]
[SourceTitle "Mega2024 Update 01"]
[Source "Chessbase"]
[SourceDate "2023.11.12"]
[SourceVersion "1"]
[SourceVersionDate "2023.11.12"]
[SourceQuality "1"]

1. d4 Nf6 2. c4 e6 3. Nf3 Bb4+ 4. Bd2 Qe7 5. g3 Bxd2+ 6. Qxd2 Nc6 7. b3 a5 8. Nc3 a4 9. Rb1 axb3 10. axb3 d5 11. Bg2 0-0 12. 0-0 Rd8 13. Qf4 Nb4 14. Rfc1 Na2 15. Nxa2 Rxa2 16. Bf1 dxc4 17. Rxc4 c6 18. Qc1 Bd7 19. Ra4 Ra8 20. Rxa2 Rxa2 21. Ra1 Rxa1 22. Qxa1 Qb4 23. Qa8+ Be8 24. e4 Kf8 25. e5 Nd7 26. Bc4 h6 27. Kg2 b5 28. Bd3 Qxb3 29. Be4 Nb6 30. Qd8 Nd5 31. Qd6+ Ne7 32. Ne1 Qa4 33. Nd3 Qa7 34. Nc5 Qa8 35. g4 g5 36. Bf5 exf5 37. gxf5 Qa2 38. Qxh6+ Kg8 39. Ne4 Qd5 40. f3 Qa2+ 41. Kh3 g4+ 42. fxg4 Nd5 43. f6 Qa3+ 44. Kh4 Qf8 45. Qg5+ 1-0

[Event "Fagernes Autumn op"]
[Site "Fagernes"]
[Date "2023.10.10"]
[Round "3"]
[White "Kaasen, Tor Fredrik"]
[Black "Abdrlauf, Elham"]
[Result "0-1"]
[WhiteElo "2469"]
[BlackElo "2568"]
[PlyCount "148"]
[EventDate "2023.10.08"]
[EventType "swiss"]
[EventRounds "9"]
[EventCountry "NOR"]
[SourceTitle "Mega2024 Update 01"]
[Source "Chessbase"]
[SourceDate "2023.11.12"]
[SourceVersion "1"]
[SourceVersionDate "2023.11.12"]
[SourceQuality "1"]

1. e4 c5 2. Nf3 e6 3. c3 Nf6 4. e5 Nd5 5. d4 cxd4 6. cxd4 b6 7. Nc3 Nxc3 8. bxc3 Qc7 9. Bd2 Bb7 10. Bd3 d6 11. 0-0 Nd7 12. Re1 dxe5 13. Nxe5 Nxe5 14. Rxe5 Bd6 15. Rh5 g6 16. Rh3 Bf4 17. a4 0-0 18. Qc1 e5 19. Bxf4 exf4 20. Bf1 Rfe8 21. Qd2 Rad8 22. c4 Re4 23. d5 Bc8 24. Rb3 Ba6 25. Rc1 Qc5 26. Bd3 Rd4 27. Qc2 Re8 28. Rc3 Bc8 29. Qb2 f3 30. Qa3 Qc7 31. g3 Bh3 32. Bf1 Bxf1 33. Kxf1 Qd7 34. Kg1 Ree4 35. Rxf3 Rxc4 36. Rxc4 Rxc4 37. d6 Rxa4 38. Qd3 Ra1+ 39. Kg2 Rc1 40. Re3 Rc6 41. Re7 Qxd6 42. Qxd6 Rxd6 43. Rxa7 Rd4 44. Rb7 Rb4 45. h4 h5 46. Kf3 Kg7 47. Ke3 Rb2 48. f3 Rb4 49. Rc7 Kf6 50. Rc6+ Kg7 51. Rd6 b5 52. Rb6 Rb1 53. Kf2 Rb2+ 54. Kg1 b4 55. Kf1 b3 56. Kg1 Kf8 57. Rb7 Ke8 58. Kh1 Kd8 59. g4 Kc8 60. Rb5 Kc7 61. gxh5 gxh5 62. Kg1 Kc6 63. Rb8 Kc5 64. f4 Kd4 65. f5 f6 66. Kf1 Ke4 67. Rb5 Rb1+ 68. Kf2 b2 69. Kg2 Kf4 70. Kh2 Kg4 71. Kg2 Kxh4 72. Rb6 Kg5 73. Rb5 h4 74. Kh2 h3 0-1